Georreferenciación de registros biológicos y gacetero digital de localidades (Registro nro. 4687)

Detalles MARC
000 -CABECERA
Campo de control 00882nam a2200253 a 4500
005 - FECHA Y HORA DE LA ULTIMA TRANSACCION
Campo de control 20140723102831.0
008 - ELEMENTOS DE LONGITUD FIJA—INFORMACION GENERAL
Campo de control 140123b2005 ck ||||| |||| 00| 0 spa d
041 ## - IDIOMA
Código de idioma para texto/pista de sonido o título separado Español
082 04 - NUMERO DE CLASIFICACION DECIMAL DEWEY
Número de clasificación 574.5098
Número del ítem S93g
090 ## - CLASIFICACIÓN LOCAL
Colección IAVH
Consecutivo 00394
100 1# - ASIENTO PRINCIPAL--NOMBRE PERSONAL
Nombre personal Sua T., Sonia
245 10 - MENCION DE TITULO
Título Georreferenciación de registros biológicos y gacetero digital de localidades
260 ## - PUBLICACION, DISTRIBUCION, ETC. (PIE DE IMPRENTA)
Lugar de publicación, distribución, etc. Bogotá
Nombre del editor, distribuidor, etc. Instituto Alexander von Humboldt
Fecha de publicación, distribución, etc. 2005
300 ## - DESCRIPCION FISICA
Extensión 69 p.
650 ## - ASIENTO SECUNDARIO DE MATERIA - TERMINO TEMATICO
Término temático o nombre geográfico como elemento de entrada Ecosistemas
Subdivisión de forma Investigaciones
Subdivisión geográfica Colombia
650 ## - ASIENTO SECUNDARIO DE MATERIA - TERMINO TEMATICO
Término temático o nombre geográfico como elemento de entrada Ecosistemas
Subdivisión de forma Mapas
Subdivisión geográfica Colombia
650 #6 - ASIENTO SECUNDARIO DE MATERIA - TERMINO TEMATICO
Término temático o nombre geográfico como elemento de entrada Cartografía forestal
Subdivisión general Cartografía
650 #6 - ASIENTO SECUNDARIO DE MATERIA - TERMINO TEMATICO
Término temático o nombre geográfico como elemento de entrada Bases de datos
Subdivisión general Diversidad biológica
Subdivisión geográfica Colombia
650 #6 - ASIENTO SECUNDARIO DE MATERIA - TERMINO TEMATICO
Término temático o nombre geográfico como elemento de entrada Mapas digitales
Subdivisión general Diversidad biológica
700 1# - ASIENTO SECUNDARIO - NOMBRE PERSONAL
Nombre personal Mateus S., Ruben Darío
700 1# - ASIENTO SECUNDARIO - NOMBRE PERSONAL
Nombre personal Vargas G., Julio César
942 ## - ELEMENTOS ADICIONALES (KOHA)
Tipo de ítem CD-ROM
Sistema de clasificación Local
945 ## - PROCESAMIENTO LOCAL
AAAA-MM-DD - Fecha de ingreso o modificacion 2005-07-19
Existencias
Withdrawn status Lost status Sistema de Clasificación Damaged status No para préstamo Colección Inventariado Ubicación Permanente Ubicación actual Fecha de adquisición Fuente de Valor Valor Total Checkouts Número topográfico Inventario / Código de Barras Date last seen Ejemplar Price effective from Forma de adquisición Tipo de material
    Dewey Decimal Classification     Humboldt   Bogotá Bogotá 19/07/2005       IAVH-594.5098 S93g 019449 04/12/2012 Ej. 1 04/12/2012 Institucional Libro
    Dewey Decimal Classification     Humboldt   Bogotá Bogotá 19/07/2005       IAVH-594.5098 S93g 019450 04/12/2012 Ej. 2 04/12/2012 Institucional Libro
    Dewey Decimal Classification     Humboldt   Bogotá Bogotá 19/07/2005       IAVH-594.5098 S93g 019451 04/12/2012 Ej. 3 04/12/2012 Institucional Libro
    Local     Humboldt Inventariado 2017 Sala Fabio Quevedo Sala Fabio Quevedo 23/07/2014 Instituto 30000.00   IAVH-594.5098 S93g 038175 23/07/2014 Ej. 4 23/07/2014 Institucional Libro
    Local     Humboldt Inventariado 2017 Villa de Leyva Villa de Leyva 17/02/2017 Instituto 30000.00   IAVH-00394 019446 22/04/2015 Ej. 1 04/12/2012 Institucional Libro
    Local     Humboldt Inventariado 2017 Villa de Leyva Villa de Leyva 17/02/2017 Instituto 30000.00   IAVH-00394 019447 22/04/2015 Ej. 2 04/12/2012 Institucional Libro
    Local     Humboldt   Villa de Leyva Villa de Leyva 19/07/2005       IAVH-00394 019448 04/12/2012 Ej. 3 04/12/2012 Institucional Libro